Grammar Sense 1

محفوظ في:
التفاصيل البيبلوغرافية
المؤلف الرئيسي: Cheryl Pavlik
التنسيق: كتاب
اللغة:Undetermined
منشور في: Oxford Oxford University Press 2004
الموضوعات:
الوسوم: إضافة وسم
لا توجد وسوم, كن أول من يضع وسما على هذه التسجيلة!
Thư viện lưu trữ: Trung tâm Học liệu Trường Đại học Cần Thơ
LEADER 00532nam a2200205Ia 4500
001 CTU_65058
008 210402s9999 xx 000 0 und d
020 |b 188000 
082 |a 428.24 
082 |b P337/T1 
100 |a Cheryl Pavlik 
245 0 |a Grammar Sense 1 
245 0 |c Cheryl Pavlik 
260 |a Oxford 
260 |b Oxford University Press 
260 |c 2004 
650 |a english language 
650 |x textbooks for foreign speakers 
904 |i Năm 
980 |a Trung tâm Học liệu Trường Đại học Cần Thơ